Capítulo II: Los recursos humanos y el sistema educativo en la “sociedad informacional” /
Guardat en:
| Autor principal: | |
|---|---|
| Format: | Llibre |
| Idioma: | Spanish |
| Accés en línia: | texto completo desde el sitio de la revista |
| Etiquetes: |
Afegir etiqueta
Sense etiquetes, Sigues el primer a etiquetar aquest registre!
|
MARC
| LEADER | 00000nam a22000007a 4500 | ||
|---|---|---|---|
| 003 | cru CIDCACS/IIS | ||
| 005 | 20190227134200.0 | ||
| 007 | ta | ||
| 008 | 190222s2000 cr |||||r||||||0| ||spa|d | ||
| 999 | |c 42209 |d 42209 | ||
| 040 | |c cru CIDCACS/IIS | ||
| 100 | 1 | |9 5450 |a Mora Jiménez, Henry | |
| 245 | 1 | |a Capítulo II: |b Los recursos humanos y el sistema educativo en la “sociedad informacional” / |c Henry Manuel Mora Jiménez | |
| 300 | |a páginas 43-59: |b tablas | ||
| 773 | 0 | |0 42207 |9 2692 |a Universidad Nacional de Costa Rica |d San José, Costa Rica: UNA, 1996- |o 18299 |t Revista Economía y Sociedad / |x 14091070 | |
| 856 | |u http://www.revistas.una.ac.cr/index.php/economia/article/view/1546/1465 |y texto completo desde el sitio de la revista | ||
| 942 | |2 ddc |c PP | ||
